Films adaptés de livres - Statistiques

Statistiques générales
  • Ce quiz a été pris 780 fois
  • Le résultat moyen est 13 sur 20
Statistiques - réponses
Par images Réponse % Correct
Harry Potter
100%
Ça
91%
Le Seigneur des Anneaux
91%
Charlie et la Chocolaterie
87%
Jurassic Park
86%
La Ligne verte
82%
Hunger Games
79%
Le Monde de Narnia
79%
La Guerre des boutons
75%
La soupe aux choux
74%
Da Vinci Code
63%
Shining
63%
Gatsby le Magnifique
56%
Ready Player One
54%
Je suis une légende
47%
Les Trois Mousquetaires
41%
Shutter Island
38%
L'École du bien et du mal
22%
Battle Royale
17%
Mémoires d'une geisha
6%
Aucun quiz correspondant
Distribution des résultats
% des personnes avec chaque résultat
Percentile par nombre de réponses
Votre historique - résultats
Vous n’avez pas pris ce quiz